书目信息 |
| 题名: |
Visual Foxpro 5.0 中文版与上级指导
|
|
| 作者: | 韩立凡 编著 | |
| 分册: | ||
| 出版信息: | 北京 清华大学出版社 1999.08 |
|
| 页数: | 364页 | |
| 开本: | 16开 | |
| 丛书名: | ||
| 单 册: | ||
| 中图分类: | TP311.13 | |
| 科图分类: | ||
| 主题词: | 软件 | |
| 电子资源: | ||
| ISBN: | 7-302-03651-9 | |
| 000 | 00601nam0 2200193 45 | |
| 001 | 0006251037 | |
| 005 | 20001121202801.9 | |
| 010 | @a7-302-03651-9@d26.00元 | |
| 100 | @a20000625d1999 km y0chiy0120 ea | |
| 101 | 0 | @achi |
| 105 | @a z 000yy | |
| 200 | 1 | @aVisual Foxpro 5.0 中文版与上级指导@AVisual Foxpro 5.0 Zhong Wen Ban Yu Shang Ji Zhi Dao@f韩立凡等编著@FHan Li Fan Deng Bian Zhu |
| 210 | @a北京@c清华大学出版社@d1999.08 | |
| 215 | @a364页@d16开 | |
| 606 | 0 | @a软件 |
| 690 | @aTP311.13@v3 | |
| 701 | 0 | @a韩立凡@4编著 |
| 801 | @aCN@bPftUser@c20000625 | |
| 905 | @dTP311.13@eH245@b500374-383@f10 | |
| Visual Foxpro 5.0 中文版与上级指导/韩立凡等编著.-北京:清华大学出版社,1999.08 |
| 364页;16开 |
| ISBN 7-302-03651-9:26.00元 |
| ● |
| 相关链接 |
|
|
|
正题名:Visual Foxpro 5.0中文版与上级指导
索取号:TP311.13/H245
 
预约/预借
| 序号 | 登录号 | 条形码 | 馆藏地/架位号 | 状态 | 备注 |
| 1 | 500374 | 205003743 | 自科二线504/504自科库 2排2列1层/ [索取号:TP311.13/H245] | 在馆 | |
| 2 | 500375 | 205003752 | 自科二线504/504自科库 2排1列2层/ [索取号:TP311.13/H245] | 在馆 | |
| 3 | 500376 | 205003761 | 自科二线504/504自科库 2排1列2层/ [索取号:TP311.13/H245] | 在馆 | |
| 4 | 500377 | 205003770 | 期刊室512/301自科库 70排2列1层/ [索取号:TP311.13/H245] | 在馆 | |
| 5 | 500378 | 205003789 | 自科二线504/504自科库 2排1列2层/ [索取号:TP311.13/H245] | 在馆 | |
| 6 | 500379 | 205003798 | 自科二线504/504自科库 1排4列2层/ [索取号:TP311.13/H245] | 在馆 | |
| 7 | 500380 | 205003805 | 自科二线504/504自科库 2排1列2层/ [索取号:TP311.13/H245] | 在馆 | |
| 8 | 500381 | 202028956 | 自科二线504/504自科库 2排1列2层/ [索取号:TP311.13/H245] | 在馆 | |
| 9 | 500382 | 205003823 | 自科二线504/504自科库 2排2列1层/ [索取号:TP311.13/H245] | 在馆 | |
| 10 | 500383 | 205003832 | 自科二线504/504自科库 2排2列1层/ [索取号:TP311.13/H245] | 在馆 |